Czy zgadniesz najbardziej dochodowe filmy wszechczasów? - Statystyki

Ogólne statystyki
  • Ten quiz został rozwiązany 285 razy
  • Średni wynik to 4 z 10
Statystyki odpowiedzi
Budżet Film % Poprawnych
$2 789 700 000 Avatar
85%
$2 187 463 944 Titanic
76%
$1 518 594 910 Avengers
70%
$2 797 800 564 Avengers: Koniec gry
42%
$2 048 359 754 Avengers: Wojna bez granic
33%
$2 068 223 624 Gwiezdne wojny: Przebudzenie Mocy
16%
$1 668 984 926 Jurassic World
13%
$1 515 047 671 Szybcy i wściekli 7
13%
$1 437 340 195 Kraina lodu II
2%
$1 656 943 394 The Lion King
2%
Nie znaleziono quizów pasujących do podanych kryteriów
Rozkład punktacji
Procent ludzi z każdym wynikiem
Percentyl według liczby udzielonych odpowiedzi
Twoja historia wyników
Nie rozwiązałeś tego quizu